000 02070cam a22005417i 4500
999 _c1673
_d1673
001 19168466
003 OSt
005 20230118134852.0
008 160708t20152000nyua j 000 1 eng d
010 _a 2016296273
020 _a9780553535457 (hbk.)
035 _a(OCoLC)ocn895117142
040 _aYDXCP
_beng
_cYDXCP
_erda
_dBTCTA
_dBDX
_dPX0
_dOCLCO
_dOCLCF
_dOCLCO
_dDLC
_dKH8
042 _alccopycat
082 0 4 _aFIC SAC
_223
100 1 _aSachar, Louis,
_d1954-
_eauthor.
245 1 0 _aMarvin Redpost :
_bsuper fast, out of control! /
_cLouis Sachar ; illustrated by Adam Record.
246 3 0 _aSuper fast, out of control!
264 1 _aNew York :
_bRandom House,
_c[2015]
264 4 _c©2000
300 _a78 pages :
_billustrations ;
_c21 cm.
336 _atext
_btxt
_2rdacontent
337 _aunmediated
_bn
_2rdamedia
338 _avolume
_bnc
_2rdacarrier
490 1 _aMarvin Redpost
500 _a"A Stepping Stone book."
500 _aFirst published in 2000.
500 _aIncludes excerpt for Marvin Redpost: a magic crystal? in unnumbered pages at end of work.
520 _aAfraid of his new mountain bike, third-grader Marvin finds himself in a desperate situation when he accepts a challenge to ride down Suicide Hill.
521 1 _aAges 6-9.
521 8 _aF&P Text Level: M.
650 0 _aCycling
_vJuvenile fiction.
650 0 _aBicycles
_vJuvenile fiction.
650 0 _aFear
_vJuvenile fiction.
650 0 _aMountain biking
_vJuvenile fiction.
650 1 _aBicycles and bicycling
_vFiction.
650 1 _aFear
_vFiction.
650 7 _aBicycles.
_2fast
_0(OCoLC)fst00831489
650 7 _aCycling.
_2fast
_0(OCoLC)fst00885857
650 7 _aFear.
_2fast
_0(OCoLC)fst00922034
650 7 _aMountain biking.
_2fast
_0(OCoLC)fst01715632
655 7 _aFiction.
_2fast
_0(OCoLC)fst01423787
655 7 _aJuvenile works.
_2fast
_0(OCoLC)fst01411637
700 1 _aRecord, Adam,
_eillustrator.
800 1 _aSachar, Louis,
_d1954-
_tMarvin Redpost series ;
_v#7.
906 _a7
_bcbc
_ccopycat
_d2
_encip
_f20
_gy-gencatlg
942 _2ddc
_cFIC